Načítá se...

Ambedkar:Boudhika vikshobathinte agnijwala

Podrobná bibliografie
Hlavní autor: Paul,Chirakkarodu
Médium: Printed Book
Jazyk:Malayalam
Vydáno: Kottayam: Sahithya Pravarthaka Sahakarana Sangam, 2008.
LEADER 00506nam a22001217a 4500
008 111204s9999 xx 000 0 mal d
100 |a Paul,Chirakkarodu 
245 |a Ambedkar:Boudhika vikshobathinte agnijwala  |c /Paul,Chirakkarodu 
260 |a Kottayam:  |b Sahithya Pravarthaka Sahakarana Sangam,  |c 2008. 
300 |a . 
942 |c BK 
999 |c 231248  |d 231248 
952 |0 0  |1 0  |2 ddc  |4 0  |6 923_000000000000000_6A_PAU_A  |7 0  |9 256085  |a MAL  |b MAL  |c ST1  |d 2012-07-19  |g 190.00  |l 6  |o 923.6A PAU/A  |p MAL31327  |r 2018-11-08  |s 2018-10-20  |w 2012-07-19  |y BK